Word Search - Hidden 7-Letter Countries - Statistics

General Stats
  • This quiz has been taken 103 times
  • The average score is 5 of 9
Answers on the Map
Answers color-coded by a green-red scale on the quiz's map according to % correct below.
 
Answer Stats
Country % Correct
Austria
100%
Bolivia
89%
Ireland
84%
Albania
79%
Estonia
55%
Germany
50%
Georgia
28%
Belgium
26%
Ecuador
20%
No matching quizzes found
Score Distribution
Percent of People with Each Score
Percentile by Number Answered
Your Score History
You have not taken this quiz